000 00520nam a2200169 4500
001 110176
003 ES-MaACL
007 t|
008 061121s1982 sp r ||||1| spa d
100 1 _aMoleres Ibor, Juan.
_981851
245 1 0 _aHistoria de Sollana /
_cJuan Moleres Ibor.
260 _aSollana [Valencia] :
_bAyuntamiento,
_c1982.
300 _a451 p. :
_bil. ;
_c24 cm +
_e3 plan. pleg.
651 4 _aSollana-
_xHistoria.
_99404
710 2 _aSollana.
_bAyuntamiento.
_96877
852 _aES-MaACL
_jL-4617
_bR.105443
999 _c110176
_d110176